Red Dead Redemption 2: Van Der Linde Gang by Picture - Statistics

General Stats
  • This quiz has been taken 580 times
  • The average score is 21 of 24
Answer Stats
Picture Answer % Correct
Dutch van der Linde
100%
John Marston
100%
Arthur Morgan
96%
Micah Bell
96%
Jack Marston
95%
Hosea Matthews
93%
Lenny Summers
93%
Uncle
93%
Abigail Roberts
92%
Bill Williamson
92%
Sadie Adler
90%
Sean MacGuire
90%
Charles Smith
89%
Javier Escuella
89%
Simon Pearson
87%
Leopold Strauss
86%
Tilly Jackson
85%
Molly O'Shea
83%
Rev. Orville Swanson
83%
Susan Grimshaw
83%
Kieran Duffy
82%
Karen Jones
81%
Josiah Trelawny
79%
Mary-Beth Gaskill
77%
No matching quizzes found
Score Distribution
Percent of People with Each Score
Percentile by Number Answered
Your Score History
You have not taken this quiz